| 000 | 00606cam a22002053a 4500 | ||
|---|---|---|---|
| 001 | 36072 | ||
| 003 | PGUSA | ||
| 005 | 20140828083757.0 | ||
| 008 | 110509s2011||||xxu|||||s|||||000 | eng d | ||
| 040 |
_aPGUSA _beng |
||
| 042 | _adc | ||
| 100 | 1 |
_aInge, William Ralph, _d1860-1954 |
|
| 245 | 1 | 4 |
_aThe Victorian Age : _bThe Rede Lecture for 1922 _h[electronic resource] / _cWilliam Ralph Inge |
| 260 |
_bProject Gutenberg, _c2011 |
||
| 506 | _aPublic domain in the USA. | ||
| 516 | _aElectronic text | ||
| 830 | 0 |
_aProject Gutenberg _v36072 |
|
| 856 | 4 | 0 | _uhttp://www.gutenberg.org/ebooks/36072 |
| 942 | _cEB | ||
| 999 |
_c265327 _d265327 |
||